[Event "Hoogeveen Unive op 19th"]
[Site "Hoogeveen"]
[Date "2015.10.23"]
[Round "8"]
[White "Van Dorp, Folke"]
[Black "Losekoot, Pascal"]
[Result "1-0"]
[WhiteElo "2168"]
[BlackElo "2126"]
[PlyCount "57"]
[EventDate "2015.10.17"]
[EventType "swiss"]
[EventRounds "9"]
[EventCountry "NED"]
[SourceTitle "EXT 2017"]
[Source "ChessBase"]
[SourceDate "2016.10.25"]
[SourceVersion "1"]
[SourceVersionDate "2016.10.25"]
[SourceQuality "1"]

1. e4 c5 2. b3 e5 3. Bb2 Nc6 4. Bc4 Nf6 5. d3 d6 6. Nc3 g6 7. Nge2 Bg7 8. 0-0 0-0 9. f4 a6 10. a4 exf4 11. Nxf4 Ng4 12. Qe1 Bd4+ 13. Kh1 Ne3 14. Rf2 Nxc4 15. bxc4 Bxf2 16. Qxf2 Ne5 17. Ncd5 Rb8 18. Qg3 b5 19. Nh5 Be6 20. Nhf6+ Kg7 21. Bxe5 dxe5 22. Qxe5 Bxd5 23. Ne8+ Kh6 24. Qg7+ Kg5 25. Rf1 Bxe4 26. h4+ Kg4 27. Nf6+ Kg3 28. Nxe4+ Kg4 29. Nf6+ 1-0

[Event "Hoogeveen Unive op 19th"]
[Site "Hoogeveen"]
[Date "2015.10.19"]
[Round "3"]
[White "Losekoot, Pascal"]
[Black "Jeitz, Christian"]
[Result "0-1"]
[WhiteElo "2126"]
[BlackElo "2198"]
[PlyCount "106"]
[EventDate "2015.10.17"]
[EventType "swiss"]
[EventRounds "9"]
[EventCountry "NED"]
[SourceTitle "EXT 2017"]
[Source "ChessBase"]
[SourceDate "2016.10.25"]
[SourceVersion "1"]
[SourceVersionDate "2016.10.25"]
[SourceQuality "1"]

1. e4 c5 2. Nf3 Nc6 3. d4 cxd4 4. Nxd4 e6 5. Nc3 a6 6. Be2 d6 7. 0-0 Nf6 8. Be3 Be7 9. f4 0-0 10. Qe1 Nxd4 11. Bxd4 b5 12. a3 Bb7 13. Bf3 Nd7 14. Qg3 g6 15. Rad1 Qc7 16. e5 Rfd8 17. f5 dxe5 18. fxe6 fxe6 19. Bxb7 Qxb7 20. Bxe5 Nxe5 21. Qxe5 Qb6+ 22. Kh1 Rxd1 23. Rxd1 Rf8 24. Ne4 Qc6 25. Re1 Rf5 26. Qb8+ Bf8 27. h3 Qxc2 28. Qb6 Qxb2 29. Qxe6+ Kh8 30. Ng3 Rf6 31. Qc8 Qxa3 32. Re8 Kg7 33. Qd7+ Rf7 34. Qd4+ Kg8 35. Ne4 Qc1+ 36. Kh2 Qf4+ 37. g3 Qf1 38. h4 b4 39. Qxb4 Qe2+ 40. Kh3 Qf1+ 41. Kh2 Qb5 42. Qxb5 axb5 43. Rb8 b4 44. Ng5 Rf6 45. Kh3 h6 46. Ne4 Rc6 47. Rb7 Re6 48. Nf2 Bd6 49. Ng4 h5 50. Nh6+ Kf8 51. Nf7 Re7 52. Rb6 Bc7 53. Rxb4 Kxf7 0-1

[Event "Hoogeveen Unive op 19th"]
[Site "Hoogeveen"]
[Date "2015.10.18"]
[Round "2"]
[White "De Boer, Bas"]
[Black "Losekoot, Pascal"]
[Result "0-1"]
[WhiteElo "1863"]
[BlackElo "2126"]
[PlyCount "76"]
[EventDate "2015.10.17"]
[EventType "swiss"]
[EventRounds "9"]
[EventCountry "NED"]
[SourceTitle "EXT 2017"]
[Source "ChessBase"]
[SourceDate "2016.10.25"]
[SourceVersion "1"]
[SourceVersionDate "2016.10.25"]
[SourceQuality "1"]

1. d4 Nf6 2. c4 e6 3. Nc3 Bb4 4. e3 0-0 5. Nge2 d5 6. a3 Be7 7. cxd5 exd5 8. Nf4 c6 9. Bd3 Na6 10. 0-0 Nc7 11. f3 Ne6 12. Nfe2 Re8 13. Bc2 c5 14. dxc5 Bxc5 15. Bb3 d4 16. Na4 d3 17. Nec3 Bd6 18. e4 Nd4 19. Be3 Nxb3 20. Qxb3 b6 21. Nb5 Be6 22. Qd1 Be5 23. Rc1 Qd7 24. Nbc3 Rad8 25. Rf2 Bb8 26. Rd2 h5 27. Kh1 h4 28. Bg1 Nh5 29. Bf2 Qd6 30. Qg1 Qe7 31. g3 hxg3 32. hxg3 Qg5 33. f4 Qg4 34. Qh2 Bb3 35. Rg1 Bxa4 36. Nxa4 Rxe4 37. Nc3 Re6 38. Rgd1 Rh6 0-1

[Event "Utrecht OKU op 42nd"]
[Site "Utrecht"]
[Date "2015.06.06"]
[Round "4"]
[White "Losekoot, Pascal"]
[Black "Van der Tuuk, Jaap"]
[Result "0-1"]
[WhiteElo "2126"]
[BlackElo "2179"]
[PlyCount "60"]
[EventDate "2015.06.05"]
[EventType "swiss"]
[EventRounds "6"]
[EventCountry "NED"]
[SourceTitle "CBM 166 Extra"]
[Source "ChessBase"]
[SourceDate "2015.06.18"]
[SourceVersion "1"]
[SourceVersionDate "2015.06.18"]
[SourceQuality "1"]

1. e4 e6 2. d4 d5 3. Nc3 Bb4 4. e5 c5 5. Bd2 Ne7 6. Nb5 Bxd2+ 7. Qxd2 0-0 8. f4 a6 9. Nd6 cxd4 10. Nf3 Nbc6 11. Bd3 f6 12. 0-0-0 fxe5 13. Bxh7+ Kxh7 14. Ng5+ Kg8 15. Qd3 Nf5 16. Nxf5 Rxf5 17. Qh3 Rxg5 18. fxg5 Qxg5+ 19. Kb1 e4 20. Rhf1 Bd7 21. g4 e3 22. Qg2 Be8 23. h4 Qe5 24. Rde1 Bg6 25. h5 Be4 26. Qh3 Nb4 27. h6 Nxc2 28. h7+ Bxh7 29. Rh1 Qe4 30. Re2 Ne1+ 0-1

[Event "Dieren op"]
[Site "Dieren"]
[Date "2014.07.25"]
[Round "4"]
[White "Sowray, Peter John"]
[Black "Losekoot, Pascal"]
[Result "1-0"]
[WhiteElo "2325"]
[BlackElo "2114"]
[PlyCount "75"]
[EventDate "2014.07.22"]
[EventType "swiss"]
[EventRounds "9"]
[EventCountry "NED"]
[SourceTitle "CBM 161 Extra"]
[Source "ChessBase"]
[SourceDate "2014.08.29"]
[SourceVersion "1"]
[SourceVersionDate "2014.08.29"]
[SourceQuality "1"]

1. d4 Nf6 2. c4 e6 3. Nc3 Bb4 4. e3 0-0 5. Nge2 d5 6. a3 Be7 7. cxd5 exd5 8. Nf4 c6 9. Bd3 Na6 10. 0-0 Nc7 11. Qb3 Bd6 12. Bd2 g5 13. Nfe2 Bxh2+ 14. Kxh2 Ng4+ 15. Kg3 h5 16. f4 h4+ 17. Kf3 Qf6 18. Rh1 Qh8 19. Qc2 Qh5 20. f5 Re8 21. Ng3 Nh2+ 22. Kf2 hxg3+ 23. Kg1 f6 24. Ne2 Qg4 25. Nxg3 Nf3+ 26. Kf2 Nxd4 27. exd4 Qxd4+ 28. Kf1 Nb5 29. a4 Nd6 30. Qc3 c5 31. Qxd4 cxd4 32. Rc1 Bd7 33. Rc7 Rad8 34. Bb4 Ne4 35. Nxe4 dxe4 36. Bc4+ Kg7 37. Be6 a5 38. Bxd7 1-0

[Event "Roosendaal LBV op-A"]
[Site "Roosendaal"]
[Date "2012.08.17"]
[Round "3"]
[White "Losekoot, Pascal"]
[Black "Peeters, Bart"]
[Result "1/2-1/2"]
[WhiteElo "2089"]
[BlackElo "1932"]
[PlyCount "40"]
[EventDate "2012.08.16"]
[EventType "swiss"]
[EventRounds "6"]
[EventCountry "NED"]
[SourceTitle "CBM 150 Extra"]
[Source "ChessBase"]
[SourceDate "2012.10.19"]
[SourceVersion "1"]
[SourceVersionDate "2012.10.19"]
[SourceQuality "1"]

1. e4 e6 2. d4 d5 3. Nd2 h6 4. Ngf3 Nf6 5. e5 Nfd7 6. Bd3 c5 7. c3 Nc6 8. 0-0 g5 9. dxc5 Bxc5 10. Nb3 Bb6 11. Re1 g4 12. Nfd4 Ncxe5 13. Bb5 Qf6 14. Qe2 Bc7 15. Nc5 Rg8 16. Qe3 a6 17. Bxd7+ Bxd7 18. Qxh6 Qxh6 19. Bxh6 b6 20. Nxd7 Kxd7 1/2-1/2

[Event "Amsterdam Science Park op-A 2nd"]
[Site "Amsterdam"]
[Date "2012.07.20"]
[Round "7"]
[White "Markus, John Raymond"]
[Black "Losekoot, Pascal"]
[Result "1/2-1/2"]
[WhiteElo "2147"]
[BlackElo "2084"]
[PlyCount "43"]
[EventDate "2012.07.14"]
[EventType "swiss"]
[EventRounds "9"]
[EventCountry "NED"]
[SourceTitle "CBM 149 Extra"]
[Source "ChessBase"]
[SourceDate "2012.08.24"]
[SourceVersion "1"]
[SourceVersionDate "2012.08.24"]
[SourceQuality "1"]

1. d4 Nf6 2. Nf3 g6 3. c4 Bg7 4. Nc3 0-0 5. Bg5 d6 6. e3 c5 7. d5 h6 8. Bh4 e6 9. dxe6 Bxe6 10. Be2 g5 11. Bg3 d5 12. 0-0 Nc6 13. Ne5 d4 14. exd4 cxd4 15. Na4 Ne4 16. Nxc6 bxc6 17. Bd3 Nxg3 18. hxg3 Qd6 19. c5 Qd7 20. Qc2 Rab8 21. b3 Rfe8 22. Rae1 1/2-1/2

[Event "Amsterdam Science Park op-A 2nd"]
[Site "Amsterdam"]
[Date "2012.07.19"]
[Round "6"]
[White "Losekoot, Pascal"]
[Black "Brink, Barry"]
[Result "1-0"]
[WhiteElo "2084"]
[BlackElo "2195"]
[PlyCount "99"]
[EventDate "2012.07.14"]
[EventType "swiss"]
[EventRounds "9"]
[EventCountry "NED"]
[SourceTitle "CBM 149 Extra"]
[Source "ChessBase"]
[SourceDate "2012.08.24"]
[SourceVersion "1"]
[SourceVersionDate "2012.08.24"]
[SourceQuality "1"]

1. e4 c5 2. Nf3 e6 3. d4 cxd4 4. Nxd4 Nc6 5. Nc3 Qc7 6. Be3 Nf6 7. Bd3 a6 8. 0-0 Ne5 9. h3 Bc5 10. Kh1 d6 11. f4 Ng6 12. Qe1 0-0 13. f5 Ne5 14. Qh4 b5 15. Rf3 exf5 16. exf5 Nxf3 17. gxf3 Bb7 18. Rg1 Bxf3+ 19. Nxf3 Bxe3 20. Qxf6 Bxg1 21. Qg5 Qc5 22. Qxg1 Rfe8 23. f6 Qxg1+ 24. Kxg1 gxf6 25. Nd5 Re6 26. Kf2 Rc8 27. b4 Kg7 28. Nd4 Re5 29. Nf5+ Kf8 30. Nfe3 Kg7 31. a3 Rc6 32. Kf3 Rc8 33. Kf4 Rc6 34. Nf5+ Rxf5+ 35. Kxf5 Rc8 36. h4 h6 37. h5 Rc6 38. Ke4 f5+ 39. Kxf5 Rc8 40. Kf4 Re8 41. Nc7 Rc8 42. Nxa6 Rc3 43. Bxb5 Rxa3 44. c4 Rb3 45. Bc6 Kf6 46. b5 Ke7 47. Nc7 Kd8 48. Nd5 Rb1 49. b6 Kc8 50. b7+ 1-0

[Event "Utrecht OKU op 39th"]
[Site "Utrecht"]
[Date "2012.06.09"]
[Round "4"]
[White "Senders, Mischa"]
[Black "Losekoot, Pascal"]
[Result "0-1"]
[WhiteElo "1905"]
[BlackElo "2084"]
[PlyCount "52"]
[EventDate "2012.06.08"]
[EventType "swiss"]
[EventRounds "6"]
[EventCountry "NED"]
[SourceTitle "CBM 148 Extra"]
[Source "ChessBase"]
[SourceDate "2012.06.22"]
[SourceVersion "1"]
[SourceVersionDate "2012.06.22"]
[SourceQuality "1"]

1. e4 c5 2. Nf3 e6 3. d4 cxd4 4. Nxd4 Nf6 5. Nc3 d6 6. Be3 a6 7. a4 Be7 8. Be2 0-0 9. 0-0 Nc6 10. f4 Qc7 11. Kh1 Re8 12. Nxc6 bxc6 13. a5 c5 14. Bf3 Rb8 15. b3 Bd7 16. Qe2 Bc6 17. e5 Nd5 18. Nxd5 exd5 19. Qf2 d4 20. Bd2 Bf8 21. Bxc6 Qxc6 22. exd6 Bxd6 23. Qf3 Qxf3 24. Rxf3 Re2 25. Rd3 Rbe8 26. b4 Bxf4 0-1

[Event "Amsterdam Science Park op-A 1st"]
[Site "Amsterdam"]
[Date "2011.07.15"]
[Round "7"]
[White "Roebers, Jan"]
[Black "Losekoot, Pascal"]
[Result "0-1"]
[WhiteElo "2219"]
[BlackElo "2060"]
[PlyCount "59"]
[EventDate "2011.07.09"]
[EventType "swiss"]
[EventRounds "9"]
[EventCountry "NED"]
[SourceTitle "CBM 143 Extra"]
[Source "ChessBase"]
[SourceDate "2011.08.29"]
[SourceVersion "1"]
[SourceVersionDate "2011.08.29"]
[SourceQuality "1"]

1. e4 c5 2. Nf3 e6 3. b3 b6 4. Bb2 Bb7 5. Nc3 a6 6. Be2 d6 7. d4 cxd4 8. Qxd4 Nc6 9. Qd2 Nf6 10. 0-0-0 Qc7 11. Nd4 Rc8 12. Nxc6 Qxc6 13. a3 Qc7 14. f3 Be7 15. g4 h6 16. h4 b5 17. g5 Nh5 18. Rhg1 hxg5 19. hxg5 e5 20. g6 Nf4 21. gxf7+ Kxf7 22. a4 d5 23. Nxd5 Bxd5 24. exd5 Bb4 25. c3 Bxc3 26. Bxc3 Qxc3+ 27. Qxc3 Nxe2+ 28. Kb2 Nxc3 29. Rd3 Rh2+ 30. Ka3 0-1

[Event "Utrecht OKU op"]
[Site "Utrecht"]
[Date "2007.06.09"]
[Round "3.12"]
[White "Losekoot, Pascal"]
[Black "Van Wissen, Michiel"]
[Result "0-1"]
[WhiteElo "2038"]
[BlackElo "2306"]
[PlyCount "48"]
[EventDate "2007.06.08"]
[EventType "swiss"]
[EventRounds "6"]
[EventCountry "NED"]
[SourceTitle "CBM 118 Extra"]
[Source "ChessBase"]
[SourceDate "2007.07.04"]
[SourceVersion "1"]
[SourceVersionDate "2007.07.04"]
[SourceQuality "1"]

1. c4 e6 2. g3 d5 3. Bg2 c6 4. d4 dxc4 5. Nf3 Nf6 6. 0-0 Nbd7 7. Nbd2 b5 8. a4 Bb7 9. e4 a6 10. e5 Nd5 11. Ne4 h6 12. Bh3 c5 13. Bxe6 fxe6 14. Nh4 Qb6 15. Qh5+ Kd8 16. Qf7 Be7 17. Ng6 Re8 18. axb5 Qxb5 19. Bd2 cxd4 20. Ba5+ N5b6 21. Nf4 Bd5 22. Rfd1 Nxe5 23. Nxe6+ Kd7 24. N6c5+ Kc6 0-1